|
|
|
|
| LEADER |
02406nam a2200577 i 4500 |
| 001 |
nkc20162810868 |
| 003 |
CZ PrNK |
| 005 |
20170623074748.0 |
| 007 |
ta |
| 008 |
160628t20162016xr a f m 000 0 cze |
| 015 |
|
|
|a cnb002810868
|
| 020 |
|
|
|a 978-80-214-5356-2
|q (brožováno)
|
| 035 |
|
|
|a (OCoLC)993653843
|
| 040 |
|
|
|a BOA001
|b cze
|e rda
|
| 041 |
0 |
|
|a cze
|b cze
|b eng
|
| 072 |
|
7 |
|a 536
|x Teplo. Termodynamika
|2 Konspekt
|9 6
|
| 080 |
|
|
|a 621.565.93/.95
|2 MRF
|
| 080 |
|
|
|a 536.2
|2 MRF
|
| 080 |
|
|
|a (043.3)
|2 MRF
|
| 080 |
|
|
|a (048.3)
|2 MRF
|
| 100 |
1 |
|
|a Kracík, Petr,
|d 1985-
|7 vut2014842598
|4 dis
|
| 245 |
1 |
0 |
|a Hodnocení přestupu tepla na skrápěném trubkovém svazku =
|b Heat transfer evaluation on falling film tube bundle : zkrácená verze Ph.D. Thesis /
|c Petr Kracík
|
| 246 |
3 |
1 |
|a Heat transfer evaluation on falling film tube bundle
|
| 264 |
|
1 |
|a [V Brně] :
|b [Vysoké učení technické],
|c [2016]
|
| 264 |
|
4 |
|c ©2016
|
| 300 |
|
|
|a 30 stran :
|b ilustrace ;
|c 21 cm
|
| 336 |
|
|
|a text
|b txt
|2 rdacontent
|
| 337 |
|
|
|a bez média
|b n
|2 rdamedia
|
| 338 |
|
|
|a svazek
|b nc
|2 rdacarrier
|
| 490 |
1 |
|
|a Vědecké spisy Vysokého učení technického v Brně. PhD Thesis,
|x 1213-4198 ;
|v sv. 804
|
| 500 |
|
|
|a "Obor: Konstrukční a procesní inženýrství"
|
| 500 |
|
|
|a Zkrácená verze disertace (Ph.D.)--Vysoké učení technické v Brně, Fakulta strojního inženýrství, Energetický ústav, 2016
|
| 504 |
|
|
|a Obsahuje bibliografii
|
| 546 |
|
|
|a České a anglické resumé
|
| 650 |
0 |
7 |
|a výměníky tepla
|7 ph158502
|2 czenas
|
| 650 |
0 |
7 |
|a sdílení tepla
|7 ph125447
|2 czenas
|
| 650 |
0 |
9 |
|a heat exchangers
|2 eczenas
|
| 650 |
0 |
9 |
|a heat transmission
|2 eczenas
|
| 653 |
0 |
|
|a horizontální trubkový svazek
|a skrápěný výměník
|
| 655 |
|
7 |
|a disertace
|7 fd132024
|2 czenas
|
| 655 |
|
7 |
|a teze
|7 fd133701
|2 czenas
|
| 655 |
|
9 |
|a dissertations
|2 eczenas
|
| 655 |
|
9 |
|a abstracts
|2 eczenas
|
| 710 |
2 |
|
|a Vysoké učení technické v Brně.
|b Energetický ústav
|7 mzk2003195514
|4 isb
|
| 810 |
2 |
|
|a Vysoké učení technické v Brně.
|t Vědecké spisy.
|p PhD Thesis
|0 s
|
| 910 |
2 |
|
|a BOA001
|b 2-1370.609
|
| 990 |
|
|
|a BK
|
| 995 |
|
|
|a 01
|
| 991 |
|
|
|b 201607
|c NOV
|
| 996 |
6 |
|
|b 2610675012
|c 2-1370.609
|l MZK
|r Sklad / do 1 hodiny
|n 0
|p p.v.
|w 001567564
|u 000010
|a 1
|e BOA001
|j MZK50
|s P
|
| 996 |
7 |
|
|b 2610675013
|c 2-1370.609
|l MZK
|r Sklad / do 1 hodiny
|n 0
|p p.v.
|w 001567564
|u 000020
|a 1
|e BOA001
|j MZK50
|s A
|